000 00571nam a2200229Ia 4500
003 OSt
005 20220924150709.0
006 a|||||r|||| 00| 0
007 ta
008 220923b |||||||| |||| 00| 0 tel d
024 _a334210
037 _cTextual
040 _aARTS
_cARTS
_btel
041 _2tel
_atel
082 _aO35,2NBH,1, K3
100 _aKaundinyabhattar
_9222700
245 0 _aEttulu
260 _c1963
650 _aTELUGU DRAMA
_9173432
942 _hO35,2NBH,1, K3
_cTEXL
_2CC
999 _c464187
_d464187